| LEADER 00000nam 2200000uu 4500 |
| 001 13399128825 |
| 003 BCNR |
| 008 260629s2568||||th 000 0 tha d |
| 020 ^a9786166267488
|
| 041 ^atha
|
| 060 4 ^aWA20.5^bพ439ก 2568
|
| 100 0 ^aพลเทพ วิจิตรคุณากร
|
| 245 00 ^aการวิจัยทางการแพทย์ สาธารณสุข และการวิเคราะห์ข้อมูลด้วยโปรแกรม R =^bMedical and public health research with data analysis using R /^cพลเทพ วิจิตรคุณากร
|
| 246 31 ^aMedical and public health research with data analysis using R
|
| 250 ^aพิมพ์ครั้งที่ 2
|
| 260 ^aกรุงเทพฯ :^bสหมิตรพัฒนาการพิมพ์ (1992),^c2568
|
| 300 ^a426 หน้า :^bภาพประกอบ, ตาราง ;^c26 ซม.
|
| 505 0 ^aบทนำ -- การทบทวนวรรณกรรม -- ประชากร ตัวอย่าง การคำนวณขนาดตัวอย่างและการสุ่มตัวอย่าง -- ความถูกต้อง ความแม่นยำ ความลำเอียงและตัวแปรกวน -- รูปแบบการศึกษา -- ตัวแปรในงานวิจัย -- การเก็บรวบรวมข้อมูลและแบบเก็บข้อมูล -- แนะนำการใช้โปรแกรม R -- การจัดการข้อมูลด้วยโปรแกรม R -- การวัดทางระบาดวิทยาด้วยโปรแกรม R -- การวิเคราะห์ข้อมูลเชิงพรรณนาและอนุมานด้วยโปรแกรม R -- การวิเคราะห์การถดถอยเชิงเส้นด้วยโปรแกรม R -- การวิเคราะห์การถดถอยโลจิสติกด้วยโปรแกรม R -- การวิเคราะห์การรอดชีพด้วยโปรแกรม R -- การทดสอบเพื่อการวินิจฉัยด้วยโปรแกรม R -- การนำเสนอด้วยภาพ -- การเผยแพร่งานวิจัย
|
| 650 4 ^aการแพทย์^xวิจัย
|
| 650 4 ^aสถิติทางการแพทย์
|
| 650 4 ^aสถิติ^xประมวลผลข้อมูล
|
| 650 4 ^aสถิติ^xโปรแกรมคอมพิวเตอร์
|
| 650 4 ^aโปรแกรมอาร์
|
| 650 4 ^aการวิเคราะห์ข้อมูล^xแง่การแพทย์
|
| 710 2 ^aมหาวิทยาลัยสงขลานครินทร์. ^bคณะแพทยศาสตร์
|
| 999 ^aบรรณารักษ์
|